[Event "Tourn. n10067"]
[Site "www.echecsemail.com"]
[Date "2019.02.25"]
[Round "1"]
[White "Amaya"]
[Black "Mitja"]
[WhiteElo "2090"]
[BlackElo "2010"]
[Result "0-1"]
[Round "1"]
1.d4 d5
2.e3 e6
3.Bf1d3 c6
4.Nb1d2 g6
5.f4 Bf8g7
6.Ng1f3 Nb8d7
7.O-O b6
8.Nf3e5 Nd7xe5
9.fxe5 Bc8b7
10.Qd1f3 Ng8h6
11.e4 Qd8e7
12.exd5 cxd5
13.c3 O-O
14.Qf3h3 Nh6f5
15.Nd2f3 h5
16.Bc1g5 Qe7d7
17.Nf3h4 a5
18.Nh4xf5 exf5
19.Bg5f6 Bg7xf6
20.exf6 Bb7a6
21.Bd3xf5 Qd7d6
22.Bf5c2 Ba6xf1
23.Ra1xf1 Ra8e8
24.Qh3g3 Qd6c6
25.Bc2xg6 Kh8
26.Qg3h4 fxg6
27.f7 Re8e4
28.Qh4g5 Kg7
29.h3 Qc6e6
30.Rf1f3 Rf8xf7
{ resign }
0-1

[Event "Tourn. n10020"]
[Site "www.echecsemail.com"]
[Date "2019.02.25"]
[Round "1"]
[White "Zack1984"]
[Black "Numanoid"]
[WhiteElo "2220"]
[BlackElo "2650"]
[Result "0-1"]
[Round "1"]
1.d4 e6
2.e4 d5
3.e5 c5
4.c3 Nb8c6
5.Ng1f3 Qd8b6
6.a3 Ng8h6
7.b4 cxd4
8.cxd4 Nh6f5
9.Bc1e3 f6
10.exf6 gxf6
11.Bf1d3 Nf5xe3
12.fxe3 Bf8h6
13.Qd1e2 a5
14.b5 Nc6e7
 { time }
0-1

[Event "Match"]
[Site "www.echecsemail.com"]
[Date "2019.02.25"]
[Round "1"]
[White "Guidom"]
[Black "Mitja"]
[WhiteElo "2140"]
[BlackElo "2060"]
[Result "1/2-1/2"]
[Round "1"]
1.e4 d5
2.exd5 Qd8xd5
3.Nb1c3 Qd5d8
4.g3 e6
5.Bf1g2 c6
6.Ng1f3 h6
7.d3 Ng8f6
8.O-O Bf8e7
9.Bc1f4 Nb8d7
10.Rf1e1 O-O
11.Nf3e5 Nd7xe5
12.Bf4xe5 Be7d6
13.Be5xf6 Qd8xf6
14.Nc3e4 Qf6e7
15.Ne4xd6 Qe7xd6
16.d4 b6
17.c3 Bc8b7
18.Qd1b3 Rf8e8
19.Ra1d1 Ra8b8
20.c4 Qd6c7
21.d5 cxd5
22.cxd5 exd5
23.Re1xe8 Rb8xe8
24.Bg2xd5 Bb7xd5
25.Qb3xd5 Qc7c2
26.Qd5d2 Qc2c4
27.b3 Qc4e6
{ draw }
1/2-1/2

[Event "Match"]
[Site "www.echecsemail.com"]
[Date "2019.02.25"]
[Round "1"]
[White "Zack1984"]
[Black "Dussek"]
[WhiteElo "2440"]
[BlackElo "1880"]
[Result "0-1"]
[Round "1"]
1.f3 Ng8f6
2.Kf2 d5
3.d4 e6
4.Bc1f4 Bf8e7
5.e3 O-O
6.g4 b6
7.Nb1d2 Nb8d7
8.c3 a5
 { time }
0-1

[Event "Tourn. n10058"]
[Site "www.echecsemail.com"]
[Date "2019.02.25"]
[Round "1"]
[White "Numanoid"]
[Black "Darko10"]
[WhiteElo "2700"]
[BlackElo "2830"]
[Result "1/2-1/2"]
[Round "1"]
1.d4 Ng8f6
2.Bc1g5 d5
3.Bg5xf6 exf6
4.e3 Bf8d6
5.c4 dxc4
6.Bf1xc4 Nb8d7
7.Qd1c2 g6
8.Nb1c3 f5
9.Ng1f3 O-O
10.O-O c6
11.Rf1d1 Nd7f6
12.a3 Ra8b8
13.b4 a5
14.d5 axb4
15.axb4 Bc8d7
16.b5 cxb5
17.Bc4xb5 Rb8c8
18.Bb5xd7 Qd8xd7
19.Qc2b2 Rf8d8
20.Nc3b5 Nf6e8
21.Nb5xd6 Ne8xd6
22.h4 Qd7b5
23.Qb2e5 Qb5e8
24.Qe5b2 Qe8b5
{ draw }
1/2-1/2

[Event "Match"]
[Site "www.echecsemail.com"]
[Date "2019.02.25"]
[Round "1"]
[White "Comrade"]
[Black "Zack1984"]
[WhiteElo "2260"]
[BlackElo "2360"]
[Result "1-0"]
[Round "1"]
1.c4 f5
2.Nb1c3 Ng8f6
3.d4 e6
4.g3 Nb8c6
5.a3 g6
6.Bf1g2 Bf8g7
7.b4 O-O
8.e3 e5
9.Ng1e2 d6
10.O-O  { time }
1-0

[Event "Tourn. n10084"]
[Site "www.echecsemail.com"]
[Date "2019.02.25"]
[Round "1"]
[White "Mitja"]
[Black "Bojan"]
[WhiteElo "2060"]
[BlackElo "2030"]
[Result "1-0"]
[Round "1"]
1.d4 d5
2.e3 Bc8d7
3.h3 e6
4.Ng1f3 f6
5.c3 Bf8d6
6.b3 Qd8e7
7.Bc1b2 Ng8h6
8.Bf1e2 g6
9.Nb1d2 Nh6f7
10.Be2d3 a6
11.Qd1c2 Nb8c6
12.Nf3h4 f5
13.Nh4f3 e5
14.dxe5 Nc6xe5
15.Nf3xe5 Nf7xe5
16.Bd3e2 Rh8f8
17.Nd2f3 f4
18.Nf3xe5 Bd6xe5
19.Qc2d3 fxe3
20.Qd3xe3 Bd7c6
21.O-O Rf8f6
22.Ra1e1 Rf6e6
23.Qe3d2 O-O-O
24.Be2g4 Rd8d6
25.Bg4xe6 Rd6xe6
26.f4 Be5xf4
27.Re1xe6 Qe7c5
28.Qd2f2 Qc5xf2
29.Kxf2 Kd7
30.Rf1e1 Bf4g5
31.c4 Bg5d2
32.Re6e7 Kd6
33.Bb2a3 { resign }
1-0

[Event "1/32 Finale"]
[Site "www.chess-mail.com"]
[Date "2019.02.25"]
[Round "1"]
[White "Guidom"]
[Black "Mitja"]
[WhiteElo "2140"]
[BlackElo "2040"]
[Result "1-0"]
[Round "1"]
1.e4 d5
2.exd5 Qd8xd5
3.Nb1c3 Qd5d8
4.Ng1f3 e6
5.Bf1e2 Ng8f6
6.O-O c6
7.d3 h6
8.Bc1e3 b6
9.h3 Bc8b7
10.Rf1e1 Bf8e7
11.Qd1d2 Nf6d5
12.Nc3xd5 cxd5
13.d4 Bb7a6
14.Be2xa6 Nb8xa6
15.c3 Na6c7
16.Nf3e5 O-O
17.Ne5c6 Qd8d7
18.Nc6xe7 Qd7xe7
19.Be3f4 Nc7e8
20.Re1e2 Ne8f6
21.Ra1e1 Nf6e4
22.Qd2d3 Rf8e8
23.f3 Ne4d6
24.Re2e5 Nd6c4
25.Re5xd5 Qe7f6
26.Bf4e5 Nc4xe5
27.Rd5xe5 Qf6d8
28.Qd3b5 a6
29.Qb5b3 b5
30.d5 Qd8b6
31.Kh1 Ra8d8
32.dxe6 Re8xe6
33.Re5xe6 fxe6
34.Re1xe6 Qb6c7
35.Re6e8 Kh7
36.Qb3g8 Kg6
37.Re8xd8 { resign }
1-0

[Event "Match"]
[Site "www.echecsemail.com"]
[Date "2019.02.26"]
[Round "1"]
[White "Ff333"]
[Black "Tbsundar"]
[WhiteElo "2020"]
[BlackElo "2060"]
[Result "0-1"]
[Round "1"]
1.e4 e5
2.Ng1f3 Nb8c6
3.Bf1b5 a6
4.Bb5xc6 dxc6
5.Nf3xe5 Qd8d4
6.Ne5xf7 Qd4xe4
7.Qd1e2 Qe4xe2
8.Kxe2 Kxf7
9.Rh1e1 Bc8g4
10.f3 Bg4f5
11.d3 Bf8c5
12.Kf1 Bc5b4
13.c3 Bf5xd3
14.Kg1 Bb4c5
15.Kh1 Ng8f6
16.Bc1f4 Nf6d5
17.Bf4d2 Ra8e8
18.b4 Bc5f2
19.Re1xe8 Rh8xe8
20.Nb1a3 Re8e2
21.Ra1d1 b5
22.h3 Bf2g3
23.Bd2c1 Nd5xc3
24.Rd1g1 Nc3xa2
25.Bc1g5 h6
26.Bg5c1 g5
27.Rg1d1 Na2xb4
28.Bc1d2 Nb4c2
29.Bd2xg5 hxg5
30.Na3b1 b4
31.Rd1f1 Nc2e3
32.Rf1c1 Ne3xg2
33.Rc1g1 Re2b2
34.Rg1xg2 Rb2xb1
{ resign }
0-1

[Event "Tourn. n10072"]
[Site "www.echecsemail.com"]
[Date "2019.02.26"]
[Round "1"]
[White "Francesco"]
[Black "Ranjachess"]
[WhiteElo "2060"]
[BlackElo "1890"]
[Result "1-0"]
[Round "1"]
1.e4 e5
2.Ng1f3 d6
3.d4 Bc8g4
4.dxe5 Bg4xf3
5.Qd1xf3 dxe5
6.Bf1c4 f6
7.Qf3b3 Ng8e7
8.Bc4f7 Kd7
9.Qb3e6 
1-0

[Event "Tourn. n10067"]
[Site "www.echecsemail.com"]
[Date "2019.02.26"]
[Round "1"]
[White "Mitja"]
[Black "Odin"]
[WhiteElo "1970"]
[BlackElo "1910"]
[Result "1-0"]
[Round "1"]
1.d4 Ng8f6
2.e3 e6
3.h3 Bf8b4
4.c3 Bb4e7
5.Ng1f3 b6
6.b3 Bc8b7
7.Bf1e2 Nf6d5
8.Bc1b2 d6
9.O-O Nb8d7
10.Qd1c2 O-O
11.Nb1d2 c5
{ time. }
1-0

[Event "Tourn. n10044"]
[Site "www.echecsemail.com"]
[Date "2019.02.26"]
[Round "1"]
[White "Roque1"]
[Black "Fabos12"]
[WhiteElo "2010"]
[BlackElo "2010"]
[Result "1-0"]
[Round "1"]
1.e4 e6
2.d4 Nb8c6
3.Ng1f3 b6
4.Bf1e2 Bc8b7
5.O-O Ng8e7
6.Bc1g5 h6
7.Bg5h4 g5
8.Bh4g3 d5
9.Nb1c3 Bf8g7
10.e5 Ne7f5
11.Be2b5 a6
12.Bb5a4 O-O
13.a3 Nc6a5
14.b4 Na5c4
15.Qd1e2 h5
16.h3 Nf5xg3
{ time. }
1-0

[Event "Tourn. n9950"]
[Site "www.echecsemail.com"]
[Date "2019.02.26"]
[Round "1"]
[White "Virgil08bv"]
[Black "Stepanpech"]
[WhiteElo "2550"]
[BlackElo "2540"]
[Result "1/2-1/2"]
[Round "1"]
1.e4 e5
2.Ng1f3 Nb8c6
3.Bf1b5 a6
4.Bb5a4 Ng8f6
5.O-O Bf8e7
6.Rf1e1 b5
7.Ba4b3 O-O
8.c3 d5
9.exd5 Nf6xd5
10.Nf3xe5 Nc6xe5
11.Re1xe5 c6
12.Re5e1 Be7d6
13.d3 Bc8f5
14.Qd1f3 Rf8e8
15.Re1xe8 Qd8xe8
16.Bc1d2 Qe8e6
17.Nb1a3 Ra8e8
18.Na3c2 Bf5g4
19.Qf3e4 Qe6d7
20.Qe4d4 Re8e5
21.Nc2e3 Nd5xe3
22.Bd2xe3 c5
23.Qd4f4 Bg4e2
24.Qf4g3 Re5e8
25.Qg3h3 Qd7xh3
26.gxh3 Be2xd3
27.Bb3d5 Re8e5
28.Bd5f3 c4
29.Be3f4 Re5f5
30.Bf4xd6 Rf5xf3
31.Ra1e1 h6
32.Kg2 Rf3f6
33.Bd6g3 Kf8
34.h4 Bd3f5
35.f3 Bf5d7
36.Re1e4 Bd7c6
37.Re4f4 Rf6xf4
38.Bg3xf4 Ke7
39.Kg3 h5
40.Bf4e3 Kd6
41.Kf4 Ke6
42.Be3d4 g6
43.Bd4c5 Bc6d5
44.Bc5b6 Bd5b7
45.a3 Bb7c6
46.Bb6c5 Kd5
47.Bc5b6 Kd6
48.Bb6a5 Ke6
49.Ba5b6 Bc6d5
50.Bb6c7 Kd7
{ draw }
1/2-1/2

[Event "Tourn. n10049"]
[Site "www.echecsemail.com"]
[Date "2019.02.26"]
[Round "1"]
[White "Fabos12"]
[Black "Cathar"]
[WhiteElo "2010"]
[BlackElo "2140"]
[Result "0-1"]
[Round "1"]
1.d4 Ng8f6
2.Ng1f3 g6
3.c4 Bf8g7
4.Nb1c3 O-O
5.g3 d6
6.Bf1g2 Nb8c6
7.O-O a6
8.Rf1e1 Rf8e8
9.e4 e5
10.d5 Nc6d4
11.Bc1g5 h6
12.Bg5xf6 Qd8xf6
13.Nf3xd4 exd4
14.Nc3e2 Bc8g4
15.h3 Bg4f3
16.Qd1c2 Re8xe4
17.Ne2f4 Re4xe1
18.Ra1xe1 Bf3xg2
19.Kxg2 Kf8
20.Qc2a4 { time. }
0-1

[Event "Tourn. n10044"]
[Site "www.echecsemail.com"]
[Date "2019.02.26"]
[Round "1"]
[White "Fabos12"]
[Black "Mitja"]
[WhiteElo "2010"]
[BlackElo "1930"]
[Result "1-0"]
[Round "1"]
1.d4 d5
2.Ng1f3 e6
3.c3 h6
4.Bc1f4 c6
5.h3 Ng8f6
6.Nb1d2 Qd8b6
7.Qd1c2 Bf8e7
8.e4 dxe4
9.Nd2xe4 Nf6xe4
10.Qc2xe4 Qb6xb2
11.Ra1c1 Qb2xa2
12.Bf4xb8 Ra8xb8
13.Qe4e5 Rb8a8
14.Qe5xg7 Rh8f8
15.Bf1d3 Be7a3
16.Rc1b1 Ba3e7
17.O-O Qa2d5
18.c4 Qd5d7
19.Rf1d1 b6
20.Qg7xh6 Bc8b7
21.Bd3e4 Qd7c7
22.d5 cxd5
23.cxd5 Bb7xd5
24.Be4xd5 exd5
25.Nf3e5 Qc7xe5
26.Qh6c6 { resign }
1-0

[Event "Match"]
[Site "www.echecsemail.com"]
[Date "2019.02.26"]
[Round "1"]
[White "Zack1984"]
[Black "Ditto"]
[WhiteElo "2440"]
[BlackElo "1680"]
[Result "0-1"]
[Round "1"]
1.f4 d5
2.Kf2 Ng8f6
3.Ng1f3 Bc8g4
4.g3 e6
5.h3 Bg4f5
6.e3 Bf8c5
7.d3 Nb8c6
 { time }
0-1

[Event "Tourn. n10028"]
[Site "www.echecsemail.com"]
[Date "2019.02.26"]
[Round "1"]
[White "Tartan"]
[Black "Cemaah"]
[WhiteElo "2550"]
[BlackElo "2290"]
[Result "1/2-1/2"]
[Round "1"]
1.d4 Ng8f6
2.c4 e6
3.Nb1c3 Bf8b4
4.Qd1c2 O-O
5.a3 Bb4xc3
6.Qc2xc3 Nf6e4
7.Qc3c2 f5
8.Ng1h3 Nb8c6
9.e3 Qd8f6
10.Bf1e2 Nc6e7
11.O-O d6
12.f3 Ne4g5
13.Nh3xg5 Qf6xg5
14.f4 Qg5f6
15.Be2f3 c6
16.b4 Bc8d7
17.Bc1b2 d5
18.c5 h6
19.a4 g5
20.g3 g4
21.Bf3e2 h5
22.b5 h4
23.Be2d3 Kg7
24.Kg2 Rf8h8
25.Rf1h1 Rh8h6
26.b6 a6
27.a5 Ra8h8
28.Bb2c3 Rh6h5
29.Bc3e1 Ne7g6
30.Be1f2 Bd7c8
31.Ra1g1 Kf7
32.Rg1b1 Qf6e7
33.Rb1g1 Ke8
34.Bd3e2 Qe7h7
35.Qc2b1 { draw }
1/2-1/2

[Event "Tourn. n10023"]
[Site "www.echecsemail.com"]
[Date "2019.02.26"]
[Round "1"]
[White "Yakke"]
[Black "Karadayi"]
[WhiteElo "1740"]
[BlackElo "1480"]
[Result "1-0"]
[Round "1"]
1.e4 d5
2.Bf1d3 Nb8c6
3.Ng1f3 Bc8g4
4.a3 Bg4xf3
5.Qd1xf3 d4
6.O-O e5
7.Bd3c4 Ng8f6
8.d3 Bf8e7
9.Qf3g3 g6
10.Nb1d2 O-O
11.Nd2f3 Nc6a5
12.Nf3xe5 Na5xc4
13.Ne5xc4 b5
14.Nc4e5 Be7d6
15.Bc1f4  { time }
1-0

[Event "Tourn. n10025"]
[Site "www.echecsemail.com"]
[Date "2019.02.26"]
[Round "1"]
[White "Cal"]
[Black "Ranjachess"]
[WhiteElo "1830"]
[BlackElo "1880"]
[Result "0-1"]
[Round "1"]
1.c4 d6
2.e4 e5
3.Nb1c3 Ng8f6
4.h3 Nb8c6
5.Ng1f3 Nc6d4
6.d3 h6
7.Bc1e3 c5
8.Be3xd4 cxd4
9.Nc3e2 Qd8a5
10.Nf3d2 Nf6d7
11.Ne2g3 Bf8e7
12.a3 O-O
13.Bf1e2 Nd7c5
14.b4 Qa5a4
15.Qd1c1 Nc5b3
16.Nd2xb3 Qa4xb3
17.O-O a5
18.Qc1d2 axb4
19.Ng3f5 Be7g5
20.Qd2e1 Bc8xf5
21.exf5 g6
22.axb4 Ra8xa1
23.Qe1xa1 Qb3xb4
24.Be2f3 gxf5
25.Bf3d5 b5
26.cxb5 Qb4xb5
27.Qa1a2 Qb5xd3
28.Bd5c4 Qd3c3
29.Bc4d5 d3
30.g3 e4
31.h4 Bg5d8
32.Kg2 d2
33.Qa2b1 Qc3c5
34.Qb1b3 f4
35.Bd5xe4 Kh8
36.Qb3b2 Qc5e5
37.Qb2xe5 dxe5
38.Rf1d1 Bd8a5
39.g4 Rf8c8
40.Kf3 Kg7
41.Ke2 Kf6
42.f3 h5
43.g5 Ke6
44.Be4b7 Rc8c7
45.Bb7a6 f6
46.Ba6d3 fxg5
47.Bd3e4 g4
48.fxg4 hxg4
49.h5 f3
50.Kf2 Rc7c1
51.Rd1h1 Rc1xh1
{ resign }
0-1

[Event "1/32 Finale"]
[Site "www.chess-mail.com"]
[Date "2019.02.26"]
[Round "1"]
[White "Cvilhena1976"]
[Black "Ssharp"]
[WhiteElo "2310"]
[BlackElo "2300"]
[Result "1-0"]
[Round "1"]
1.e4 e6
2.d4 d5
3.Nb1d2 c5
4.exd5 exd5
5.Ng1f3 Ng8f6
6.Bf1b5 Bc8d7
7.Bb5xd7 Nb8xd7
8.O-O Bf8e7
9.dxc5 Nd7xc5
10.Nd2b3 Nc5xb3
11.axb3 h6
12.Bc1e3 a6
13.Nf3d4 O-O
14.Nd4f5 Ra8c8
15.Qd1d3 Be7c5
16.Be3xh6 g6
17.Bh6xf8 Bc5xf8
18.Nf5e3 Bf8g7
19.c3 Rc8c7
20.Rf1d1 Rc7d7
21.Ra1a4 Qd8b6
22.b4 Qb6c6
23.Ra4a5 b5
24.Rd1a1 { resign }
1-0

[Event "Tourn. n9994"]
[Site "www.echecsemail.com"]
[Date "2019.02.27"]
[Round "1"]
[White "Ditto"]
[Black "Andychesston"]
[WhiteElo "1900"]
[BlackElo "2010"]
[Result "0-1"]
[Round "1"]
1.d4 d5
2.Ng1f3 Ng8f6
3.Bc1f4 Bc8f5
4.e3 e6
5.a3 c5
6.Bf1b5 Nb8d7
7.c3 Ra8c8
8.Bf4e5 Nf6g4
9.Be5g3 c4
10.Nb1d2 Bf5d3
11.Bb5a4 Bf8e7
12.b3 O-O
13.bxc4 dxc4
14.Nf3g1 a6
15.Qd1xg4 Nd7f6
16.Qg4f3 b5
17.Ba4d1 Qd8a5
18.Nd2b1 Bd3xb1
19.Ra1xb1 Qa5xa3
20.Ng1e2 Qa3a2
21.Rb1c1 Nf6d5
22.O-O f5
23.Bg3e5 Be7f6
24.Ne2g3 Qa2b2
25.Bd1c2 g6
26.Be5d6 Rf8f7
27.Ng3h5 gxh5
28.Qf3xh5 Nd5xc3
29.Qh5f3 Rf7g7
30.Bd6f4 Rg7g6
31.Rf1e1 Nc3a2
32.e4 Bf6xd4
33.exf5 exf5
34.Bc2xf5 Bd4xf2
35.Qf3xf2 Qb2xf2
36.Kxf2 Rc8f8
37.Bf5xg6 Rf8xf4
38.Kg3 Rf4f6
39.Re1e8 Kg7
40.Bg6h5 Na2xc1
41.Re8e7 Kh6
42.Bh5g4 Nc1d3
43.h3 c3
44.Re7d7 Nd3c5
45.Rd7d1 b4
46.Bg4e2 Nc5e4
47.Kh2 Ne4d2
48.Be2d3 a5
49.Rd1a1 Rf6d6
50.Bd3f5 Rd6d5
51.Bf5c2 b3
52.Bc2d1 b2
53.Ra1a4 b1Q
54.Ra4h4 Kg7
55.Rh4g4 Kh8
56.Bd1e2 Nd2f1
{ resign }
0-1

[Event "Tourn. n10023"]
[Site "www.echecsemail.com"]
[Date "2019.02.27"]
[Round "1"]
[White "Karadayi"]
[Black "Jjmcbride"]
[WhiteElo "1480"]
[BlackElo "1460"]
[Result "0-1"]
[Round "1"]
1.Ng1f3 d5
2.d4 c5
3.e3 e6
4.Bf1b5 Bc8d7
5.Bb5xd7 Nb8xd7
6.O-O c4
7.Nb1c3 h6
8.a3 a6
9.b3 cxb3
10.cxb3 Bf8d6
11.b4 Qd8f6
12.h3 Ng8e7
13.Ra1b1 O-O
14.Bc1b2 Ra8c8
15.Qd1a4 Rc8c7
 { time }
0-1

[Event "Match"]
[Site "www.echecsemail.com"]
[Date "2019.02.27"]
[Round "1"]
[White "Apdash"]
[Black "Zack1984"]
[WhiteElo "2230"]
[BlackElo "2360"]
[Result "1-0"]
[Round "1"]
1.e4 d5
2.exd5 Ng8f6
3.Ng1f3 Nf6xd5
4.d4 e6
5.c4 Nd5f6
6.Nb1c3 b6
7.Bc1g5 Bc8b7
8.Bf1e2 Nb8d7
9.Qd1a4 Bf8d6
10.O-O O-O
11.Ra1d1 Qd8b8
12.b4  { time }
1-0

[Event "Tourn. n10075"]
[Site "www.echecsemail.com"]
[Date "2019.02.27"]
[Round "1"]
[White "Eugenius"]
[Black "Hansen"]
[WhiteElo "1729"]
[BlackElo "1760"]
[Result "1-0"]
[Round "1"]
1.e4 d5
2.exd5 Qd8xd5
3.Nb1c3 Qd5e5
4.Bf1e2 e6
5.Ng1f3 Qe5f4
6.d4 Qf4g4
7.O-O Ng8f6
8.Nc3b5 Nf6d5
9.c4 c6
10.Nf3e5 Qg4f5
11.Be2d3 Qf5f6
12.cxd5 Bc8d7
13.Nb5c7 Kd8
14.Bc1g5 Kxc7
15.Bg5xf6 gxf6
16.Ne5xd7 Nb8xd7
17.dxc6 bxc6
18.Qd1h5 Bf8d6
19.Qh5xf7 Rh8g8
20.Qf7xe6 Ra8e8
21.Qe6c4 Nd7b6
22.Qc4a6 Kb8
23.Ra1c1 Re8e7
24.Rc1xc6 Nb6d7
25.Rc6xd6 Rg8d8
26.Qa6b5 Ka8
27.Qb5c6 Kb8
28.Bd3a6 Nd7e5
29.Rd6xd8 
1-0

[Event "1/64 Finale"]
[Site "www.chess-mail.com"]
[Date "2019.02.27"]
[Round "1"]
[White "Gandalf50"]
[Black "Cemaah"]
[WhiteElo "2220"]
[BlackElo "2240"]
[Result "1-0"]
[Round "1"]
1.e4 c5
2.b3 Nb8c6
3.Bc1b2 e5
4.Bf1b5 d6
5.Ng1e2 Ng8f6
6.d3 Bf8e7
7.O-O O-O
8.Bb5xc6 bxc6
9.h3 Nf6e8
10.f4 f6
11.f5 d5
12.Nb1d2 Ne8d6
13.c4 Bc8d7
14.Ne2c3 d4
15.Nc3e2 g6
16.g4 Rf8f7
17.Kh2 Nd6e8
18.Nd2f3 Ne8g7
19.Ne2g3 g5
20.Rf1h1 Bd7e8
21.Bb2c1 Qd8d6
22.Kg2 h6
23.h4 Be7d8
24.hxg5 hxg5
25.Rh1h6 Qd6c7
26.Qd1h1 Kf8
27.Rh6g6 Ke7
28.Qh1h8 { resign }
1-0

[Event "1/8 Finale"]
[Site "www.chess-mail.com"]
[Date "2019.02.27"]
[Round "1"]
[White "Dougbeer"]
[Black "George1955"]
[WhiteElo "2580"]
[BlackElo "2660"]
[Result "1/2-1/2"]
[Round "1"]
1.e4 c6
2.c4 d5
3.cxd5 cxd5
4.exd5 Ng8f6
5.Nb1c3 Nf6xd5
6.Ng1f3 Nb8c6
7.Bf1b5 e6
8.O-O Bf8e7
9.d4 O-O
10.Rf1e1 Bc8d7
11.Bb5d3 Nd5f6
12.a3 Ra8c8
13.Bc1f4 h6
14.Ra1c1 Qd8a5
15.Bd3b1 Rf8d8
16.Qd1d3 Kf8
17.Nc3e4 Bd7e8
18.Ne4xf6 Be7xf6
19.Bf4d2 Qa5b6
20.Qd3h7 Nc6xd4
21.Nf3xd4 Bf6xd4
22.Bd2b4 Rc8c5
23.Qh7d3 Kg8
24.Qd3h7 { draw }
1/2-1/2

[Event "Tourn. n9987"]
[Site "www.echecsemail.com"]
[Date "2019.02.28"]
[Round "1"]
[White "Tartan"]
[Black "Numanoid"]
[WhiteElo "2610"]
[BlackElo "2600"]
[Result "0-1"]
[Round "1"]
1.d4 e6
2.e4 d5
3.Nb1c3 Ng8f6
4.Bc1g5 Bf8b4
5.e5 h6
6.Bg5d2 Bb4xc3
7.bxc3 Nf6e4
8.Qd1g4 Kf8
9.Ng1f3 c5
10.Bf1d3 Ne4xd2
11.Kxd2 cxd4
12.cxd4 Qd8a5
13.Ke2 b6
14.a3 Bc8a6
15.Rh1c1 Nb8c6
16.Kf1 Nc6e7
17.Kg1 Ra8c8
18.Bd3xa6 Qa5xa6
19.Nf3d2 Kg8
20.Qg4f3 Kh7
21.Qf3xf7 Ne7f5
22.Nd2b3 Rh8f8
23.Qf7h5 Rc8c3
24.Qh5d1 Rf8c8
25.Ra1a2 Qa6a4
26.Rc1b1 Rc8c4
27.Qd1d2 Qa4c6
28.Rb1b2 Qc6e8
29.Kh1 Qe8g6
30.a4 Nf5h4
31.f3 Nh4f5
32.a5 Nf5e3
33.axb6 axb6
34.h3 Ne3xc2
35.Qd2e2 Nc2b4
36.Ra2a3 Nb4d3
37.Rb2a2 Qg6g3
{ resign }
0-1

[Event "Tourn. n10064"]
[Site "www.echecsemail.com"]
[Date "2019.02.28"]
[Round "1"]
[White "Scasan55"]
[Black "Picifarkinca"]
[WhiteElo "1990"]
[BlackElo "2050"]
[Result "1-0"]
[Round "1"]
1.e4 e5
2.Ng1f3 Nb8c6
3.Bf1c4 Bf8c5
4.O-O Ng8f6
5.d3 h6
6.Nb1c3 d6
7.h3 O-O
8.Rf1e1 Nc6a5
9.Bc4b5 a6
10.Bb5a4 b5
11.Ba4b3 Na5xb3
12.axb3 Bc8b7
13.Bc1e3 Bc5xe3
14.Re1xe3 c5
15.Qd1d2 Qd8c7
16.Nf3h4 Kh7
17.Re3f3 Qc7d8
18.Nh4f5 b4
19.Nc3e2 { resign }
1-0

[Event "Tourn. n10025"]
[Site "www.echecsemail.com"]
[Date "2019.02.28"]
[Round "1"]
[White "Alcon"]
[Black "Passaroa25"]
[WhiteElo "1880"]
[BlackElo "1730"]
[Result "1-0"]
[Round "1"]
1.e4 Nb8c6
2.d4 Ng8f6
3.e5 Nf6d5
4.c4 Nd5b6
5.Nb1c3 e6
6.f4 Nc6xd4
7.Qd1xd4 c6
8.Bc1e3 d5
9.cxd5 Nb6xd5
10.Nc3xd5 exd5
11.O-O-O Bf8e7
12.Ng1f3 Bc8e6
13.h3 O-O
14.g4 c5
15.Qd4d2 d4
16.Be3f2 Be6d5
17.Bf1e2 b6
18.Kb1 f6
19.Rh1g1 Bd5e4
20.Ka1 Be4xf3
21.Be2xf3 Ra8c8
22.e6 Rc8c7
23.f5 Be7d6
24.h4 Qd8e7
25.g5 Bd6e5
26.Bf2g3 Be5xg3
27.Rg1xg3 h6
28.gxh6 Qe7d6
29.Rd1g1 Kh7
30.Rg3xg7 Rc7xg7
31.Rg1xg7 Kh8
32.Qd2g2 Qd6f4
33.Rg7h7 { resign }
1-0

[Event "Tourn. n10065"]
[Site "www.echecsemail.com"]
[Date "2019.02.28"]
[Round "1"]
[White "Picifarkinca"]
[Black "Souricette64"]
[WhiteElo "2040"]
[BlackElo "2179"]
[Result "0-1"]
[Round "1"]
1.e4 c5
2.Nb1c3 a6
3.Ng1f3 Nb8c6
4.d4 cxd4
5.Nf3xd4 e6
6.Bf1e2 Qd8c7
7.Nd4xc6 bxc6
8.O-O Ng8f6
9.Bc1e3 d5
10.exd5 cxd5
11.Be2f3 Bc8b7
12.Nc3e2 Bf8d6
13.h3 O-O
14.Kh1 e5
{ resign }
0-1

[Event "Match"]
[Site "www.echecsemail.com"]
[Date "2019.02.28"]
[Round "1"]
[White "Geodad5"]
[Black "Zack1984"]
[WhiteElo "2130"]
[BlackElo "2440"]
[Result "1-0"]
[Round "1"]
1.e4 f6
2.d4 Kf7
3.Bf1c4 e6
4.Nb1c3 Bf8b4
5.Bc1d2 Ng8e7
6.Ng1f3 d5
7.exd5 exd5
8.Bc4d3 Bc8f5
9.Bd3e2 Rh8e8
10.O-O Nb8c6
11.a3 Bb4xc3
12.Bd2xc3 Ne7g6
13.Be2d3  { time }
1-0

[Event "Tourn. n10048"]
[Site "www.echecsemail.com"]
[Date "2019.02.28"]
[Round "1"]
[White "Coolant"]
[Black "Cathar"]
[WhiteElo "2270"]
[BlackElo "2140"]
[Result "1-0"]
[Round "1"]
1.Nb1c3 c5
2.Ng1f3 Ng8f6
3.e4 d6
4.d4 cxd4
5.Qd1xd4 Nb8c6
6.Bf1b5 Bc8d7
7.Bb5xc6 Bd7xc6
8.Bc1g5 e6
9.O-O Bf8e7
10.Ra1d1 Qd8a5
11.Rd1d3 Ra8d8
12.Rf1d1 O-O
13.b4 Qa5a6
14.a4 Bc6xa4
15.Rd1a1 b5
16.Nc3xa4 bxa4
17.Rd3a3 Qa6e2
18.Qd4xa7 Rd8d7
19.Qa7xa4 Rf8d8
20.Ra3e3 Qe2c4
21.Nf3d2 Qc4c7
22.c4 h6
23.Bg5xf6 Be7xf6
24.Ra1b1 Bf6g5
25.Re3d3 Bg5xd2
26.Rd3xd2 Qc7xc4
27.f3 d5
28.Qa4d1 d4
29.b5 d3
30.b6 Qc4c5
31.Kf1 Rd7b7
32.Rd2xd3 Rd8xd3
33.Qd1xd3 Kh7
34.e5 g6
35.Qd3b5 Qc5xb5
36.Rb1xb5 Kg7
37.Ke2 Kf8
38.Kd3 Ke7
39.Kc4 Kd7
40.Kc5 Rb7b8
41.b7 Kc7
42.f4 h5
43.h4 { resign }
1-0

[Event "Tourn. n10042"]
[Site "www.echecsemail.com"]
[Date "2019.02.28"]
[Round "1"]
[White "Reignblowcan"]
[Black "Apdash"]
[WhiteElo "2520"]
[BlackElo "2250"]
[Result "1-0"]
[Round "1"]
1.c4 e6
2.Nb1c3 Ng8f6
3.e4 Nb8c6
4.d4 Bf8b4
5.Bf1d3 d6
6.Ng1e2 Bc8d7
7.O-O O-O
8.Nc3a4 h6
9.a3 Bb4a5
10.b4 Ba5b6
11.c5 dxc5
12.dxc5 Nc6e5
13.Bd3c2 Bd7xa4
14.Bc2xa4 Nf6xe4
15.Qd1c2 Ne4xc5
16.bxc5 Bb6a5
17.Bc1b2 Ne5g6
18.Ra1d1 Qd8g5
19.f4 Qg5f5
20.Qc2xf5 exf5
21.Ne2g3 Ng6h4
22.Ng3h5 f6
23.Rd1d7 Ra8d8
24.Rf1d1 c6
25.Rd7xg7 Kh8
26.Rd1xd8 Ba5xd8
27.Rg7d7 Rf8g8
28.Bb2xf6 Bd8xf6
29.Nh5xf6 Rg8xg2
30.Kf1 Rg2g7
31.Rd7d8 { resign }
1-0

[Event "Tourn. n10072"]
[Site "www.echecsemail.com"]
[Date "2019.02.28"]
[Round "1"]
[White "Ranjachess"]
[Black "Bojan"]
[WhiteElo "1890"]
[BlackElo "1910"]
[Result "0-1"]
[Round "1"]
1.d4 e6
2.a3 b6
3.e4 Bc8b7
4.d5 exd5
5.exd5 d6
6.g3 Qd8d7
7.Bf1g2 Ng8f6
8.Nb1c3 Qd7f5
9.Ng1e2 Nb8a6
10.O-O Bf8e7
11.Ne2f4 Na6c5
12.Nc3b5 Qf5d7
13.c4 a6
14.Nb5d4 O-O-O
15.b4 Kb8
16.bxc5 dxc5
17.Nd4b3 h5
18.Nf4d3 Be7d6
19.Bc1g5 Qd7f5
20.Qd1d2 Rd8e8
21.Bg5xf6 Qf5xf6
22.a4 a5
23.Qd2c2 Qf6f5
24.Nb3d2 h4
25.Nd2f3 h3
26.Nf3h4 Rh8xh4
27.gxh4 hxg2
28.Kxg2 Qf5g4
29.Kh1 Qg4f3
30.Kg1 Re8e2
31.Qc2d1 Qf3h3
32.Rf1e1 Qh3xh2
33.Kf1 Re2xe1
34.Kxe1 Qh2xh4
35.Qd1f3 Qh4xc4
36.Ra1c1 Qc4d4
37.Qf3e2 Ka7
38.f4 Bb7xd5
39.Nd3e5 Qd4xf4
40.Ne5d3 Qf4xa4
41.Rc1d1 Bd5e6
42.Qe2e3 c4
43.Nd3e5 f6
44.Ne5c6 Qa4xc6
45.Qe3xe6 Bd6b4
46.Kf1 Qc6xe6
47.Kf2 Qe6h3
48.Ke2 c3
49.Rd1c1 Bb4c5
50.Kd1 Qh3d3
51.Ke1 Qd3d2
52.Kf1 Qd2f2

0-1

[Event "Tourn. n10055"]
[Site "www.echecsemail.com"]
[Date "2019.02.28"]
[Round "1"]
[White "Francesco"]
[Black "Cathar"]
[WhiteElo "2030"]
[BlackElo "2140"]
[Result "0-1"]
[Round "1"]
1.e4 c5
2.c3 e6
3.d4 d5
4.e5 Nb8c6
5.Ng1f3 Bc8d7
6.Bf1d3 Ra8c8
7.O-O cxd4
8.cxd4 Nc6b4
9.Nb1c3 Nb4xd3
10.Qd1xd3 Ng8e7
11.Bc1g5 h6
12.Bg5e3 Ne7f5
13.Be3d2 Bf8b4
14.a3 Bb4a5
15.Ra1c1 O-O
16.b4 Ba5b6
17.Rc1c2 Rc8c4
18.Bd2e3 Qd8c7
19.Rf1c1 Rf8c8
20.g4 Nf5xe3
21.Qd3xe3 Bd7a4
22.Nc3xa4 Rc4xc2
23.Rc1xc2 Qc7xc2
24.Na4xb6 Qc2c1
25.Qe3xc1 Rc8xc1
26.Kg2 axb6
27.Nf3d2 Rc1a1
{ resign }
0-1

[Event "Tourn. n10058"]
[Site "www.echecsemail.com"]
[Date "2019.02.28"]
[Round "1"]
[White "Ejner"]
[Black "Darko10"]
[WhiteElo "2460"]
[BlackElo "2830"]
[Result "0-1"]
[Round "1"]
1.Ng1f3 d5
2.d4 Ng8f6
3.c4 e6
4.e3 b6
5.Nb1c3 Bc8b7
6.Bf1d3 dxc4
7.Bd3xc4 a6
8.a4 c5
9.O-O Bf8d6
10.Qd1e2 Qd8c7
11.dxc5 bxc5
12.b3 g5
13.Bc1b2 g4
14.Nf3h4 Bd6xh2
15.Kh1 Nb8d7
{ resign }
0-1

[Event "Tourn. n10071"]
[Site "www.echecsemail.com"]
[Date "2019.03.01"]
[Round "1"]
[White "Amaya"]
[Black "Francesco"]
[WhiteElo "2090"]
[BlackElo "2060"]
[Result "1-0"]
[Round "1"]
1.d4 d5
2.e3 Ng8f6
3.Bf1d3 e6
4.Nb1d2 c5
5.c3 Nb8c6
6.f4 Bf8e7
7.Ng1f3 c4
8.Bd3c2 O-O
9.O-O b5
10.Nf3e5 Qd8c7
11.Qd1f3 b4
12.g4 h6
13.g5 hxg5
14.fxg5 Nf6h7
15.Bc2xh7 Kxh7
16.Qf3h5 Kg8
17.Ne5xf7 Rf8xf7
18.Qh5xf7 Kh8
19.Rf1f4 { resign }
1-0